| 000 | 00394nam a2200133 a 4500 | ||
|---|---|---|---|
| 001 | 000030868 | ||
| 005 | 20200930062547.0 | ||
| 008 | 110602s1987 dr 000 0 spa d | ||
| 040 |
_aDO-SdBNP _bspa _cBNPHU |
||
| 245 | 0 | 0 | _aExposición seis siglos de xilografias alemanas. |
| 260 |
_aSanto Domingo : _bGaleria de Arte Moderno, _c1987. |
||
| 300 |
_a35 p. : _bil., retrs. ; _c21 cm. |
||
| 049 | _aBNPD | ||
| 999 |
_c30360 _d30360 |
||